Textbook of Community Medicine: (Record no. 915)

MARC details
000 -LEADER
Fixed length control field 00674nam a2200241Ia 4500
003 - CONTROL NUMBER IDENTIFIER
Control field IIN
005 - DATE AND TIME OF LATEST TRANSACTION
Control field 20250522111138.0
008 - FIXED-LENGTH DATA ELEMENTS--GENERAL INFORMATION
Fixed length control field 231217s9999 xx 000 0 und d
020 ## - INTERNATIONAL STANDARD BOOK NUMBER / ISBN
Price Rs.1050.00
International Standard Book Number 9789387742895
040 ## - CATALOGING SOURCE
Original cataloging agency IIN
Language of cataloging English
082 ## - DEWEY DECIMAL CLASSIFICATION NUMBER
Classification number 362.10425
Book Number LAL
100 1# - MAIN ENTRY--PERSONAL NAME
Personal name Lal, Sunder
245 1# - TITLE STATEMENT
Title Textbook of Community Medicine:
Sub title Preventive and Social Medicine /
Statement of responsibility Sunder Lal, Adarsh and Pankaj
250 ## - EDITION STATEMENT
Edition statement 5th ed
260 ## - IMPRINT
Name of publisher CBS
Place of publication New Delhi
Date of publication 2018
300 ## - PHYSICAL DESCRIPTION
Page / Vol. No xxv, 814 p.
650 1# - SUBJECT ADDED ENTRY--TOPICAL TERM
Topical term Community Health Nursing
650 1# - SUBJECT ADDED ENTRY--TOPICAL TERM
Topical term Community Medicine
650 1# - SUBJECT ADDED ENTRY--TOPICAL TERM
Topical term Preventive and Social Medicine
700 1# - ADDED ENTRY--PERSONAL NAME
Personal name Adarsh
700 1# - ADDED ENTRY--PERSONAL NAME
Personal name Pankaj
942 ## - ADDED ENTRY ELEMENTS (KOHA)
Koha item type Books
Holdings
Withdrawn status Lost status Source of classification Damaged status Not for loan Collection code Home library Current library Date acquired Price Total Checkouts Call number Accession number Date last seen Price effective from Koha item type
    Dewey Decimal Classification       IDEAL INSTITUTE OF NURSING IDEAL INSTITUTE OF NURSING 17/12/2023 1050.00   362.10425 LAL 909 17/12/2023 17/12/2023 Books
    Dewey Decimal Classification       IDEAL INSTITUTE OF NURSING IDEAL INSTITUTE OF NURSING 17/12/2023 1050.00   362.10425 LAL 910 17/12/2023 17/12/2023 Books
© Ideal Institute Of Nursing, All rights reserved.         Powered by Koha